Statistics for Countries Where The Temperature Hasn’t Gone Below Freezing

Click here to take the quiz!

General Stats

  • This quiz has been taken 59 times
  • The average score is 8 of 13

Answer Stats

ContinentCountry% Correct
AsiaSingapore
85%
EuropeMalta
76%
North AmericaCuba
73%
AsiaMaldives
73%
AsiaMalaysia
68%
AsiaCambodia
66%
AsiaPhilippines
61%
North AmericaPanama
59%
OceaniaSamoa
56%
AsiaQatar
54%
North AmericaAntigua & Barbuda
51%
AsiaBangladesh
51%
AfricaBurkina Faso
15%

Score Distribution

Percentile by Number Answered

Percent of People with Each Score

Your Score History

You have not taken this quiz